مكتبة جامعة عجلون الوطنية

فهرس بحث المكتبة

Normal view MARC view
  • ابن عمد؛ تحقيق ودراسة فؤاد عبد المنعم احمد؛ تقديم محمد سليمان داود

Entry Personal Name

Number of records used in: 1

001 - CONTROL NUMBER

  • control field: 10724

003 - CONTROL NUMBER IDENTIFIER

  • control field: JO-AjAnu

005 - DATE AND TIME OF LATEST TRANSACTION

  • control field: 20230606072024.0

008 - FIXED-LENGTH DATA ELEMENTS

  • fixed length control field: 230606|| aca||aabn | a|a d

040 ## - CATALOGING SOURCE

  • Original cataloging agency: JO-AjAnu
  • Transcribing agency: JO-AjAnu

100 ## - HEADING--PERSONAL NAME

  • Personal name: ابن عمد؛ تحقيق ودراسة فؤاد عبد المنعم احمد؛ تقديم محمد سليمان داود

670 ## - SOURCE DATA FOUND

  • Source citation: Work cat.: (JO-AjAnu)5521: ابن عمد؛ تحقيق ودراسة فؤاد عبد المنعم احمد؛ تقديم محمد سليمان داود, author, من التفسير القرآني: كشف السرائر في معنى االوجوه والأشباه والنظائر